Modern physics for degree students (Record no. 31040)

000 -LEADER
fixed length control field 00500nam a22002057a 4500
001 - CONTROL NUMBER
control field 31040
003 - CONTROL NUMBER IDENTIFIER
control field BD-DhUET
008 - FIXED-LENGTH DATA ELEMENTS--GENERAL INFORMATION
fixed length control field 150628b xxu||||| |||| 00| 0 eng d
040 ## - CATALOGING SOURCE
Original cataloging agency DLC
Transcribing agency DLC
Modifying agency BD-DhUET
082 ## - DEWEY DECIMAL CLASSIFICATION NUMBER
Classification number 539
Item number RAJ/1979
100 ## - MAIN ENTRY--PERSONAL NAME
Personal name Rajam, J. B
245 ## - TITLE STATEMENT
Title Modern physics for degree students
250 ## - EDITION STATEMENT
Edition statement 8th ed.
260 ## - PUBLICATION, DISTRIBUTION, ETC. (IMPRINT)
Place of publication, distribution, etc. New Delhi
Name of publisher, distributor, etc. S.Chand
Date of publication, distribution, etc. 1979
300 ## - PHYSICAL DESCRIPTION
Extent xii, 602p.
Other physical details ill.
650 #0 - SUBJECT ADDED ENTRY--TOPICAL TERM
Topical term or geographic name as entry element Modern physics
700 ## - ADDED ENTRY--PERSONAL NAME
Personal name Subrahmanyam, N.
700 ## - ADDED ENTRY--PERSONAL NAME
Personal name Lal, Brij
942 ## - ADDED ENTRY ELEMENTS (KOHA)
Koha item type General Book
Holdings
Koha full call number Shelving location Koha date last seen Price effective from Koha item type Date acquired Lost status Damaged status Location (home branch) Koha normalized classification for sorting Piece designation (barcode) Withdrawn status Sublocation or collection (holding branch) Source of classification or shelving scheme Not for loan Copy number
539/RAJ/1979Reading section2015-06-282015-06-28Reading Item2015-06-28  Central Library, BUET539_000000000000000_RAJ_197952573 Central Library, BUET  1
539/RAJ/1979Reading section2015-06-282015-06-28Reading Item2015-06-28  Central Library, BUET539_000000000000000_RAJ_197952576 Central Library, BUET  2
539/RAJ/1979Reading section2015-07-092015-07-09Reading Item2015-07-09  Central Library, BUET539_000000000000000_RAJ_197952574 Central Library, BUET  3